在空白地图上画出福建所有县级行政区Counties in Fujian with an empty map - Statistics

General Stats
  • This quiz has been taken 159 times
  • The average score is 75 of 84
Answers on the Map
Answers color-coded by a green-red scale on the quiz's map according to % correct below.
 
Answer Stats
地级 县级 % Correct
泉州市 石狮市
100%
泉州市 晋江市
100%
福州市 鼓楼区
99%
厦门市 思明区
99%
厦门市 集美区
99%
福州市 长乐区
97%
福州市 闽侯县
97%
福州市 福清市
97%
厦门市 海沧区
97%
厦门市 湖里区
97%
南平市 武夷山市
97%
福州市 仓山区
96%
福州市 马尾区
96%
厦门市 同安区
96%
厦门市 翔安区
96%
莆田市 仙游县
96%
泉州市 南安市
96%
宁德市 福安市
96%
福州市 台江区
95%
三明市 沙县区
95%
泉州市 鲤城区
95%
宁德市 蕉城区
95%
福州市 晋安区
93%
福州市 闽清县
93%
三明市 三元区
93%
宁德市 福鼎市
93%
莆田市 城厢区
92%
泉州市 洛江区
92%
泉州市 泉港区
92%
漳州市 龙海区
92%
漳州市 漳浦县
92%
宁德市 古田县
92%
福州市 连江县
91%
福州市 罗源县
91%
福州市 平潭县
91%
莆田市 涵江区
91%
莆田市 荔城区
91%
漳州市 芗城区
91%
漳州市 龙文区
91%
漳州市 东山县
91%
南平市 延平区
91%
南平市 邵武市
91%
南平市 建瓯市
91%
龙岩市 新罗区
91%
龙岩市 永定区
91%
宁德市 霞浦县
91%
三明市 大田县
89%
三明市 将乐县
89%
泉州市 丰泽区
89%
南平市 建阳区
89%
龙岩市 上杭县
89%
龙岩市 漳平市
89%
莆田市 秀屿区
88%
三明市 永安市
88%
龙岩市 长汀县
88%
泉州市 惠安县
87%
泉州市 安溪县
87%
泉州市 金门县
87%
漳州市 云霄县
87%
三明市 明溪县
85%
泉州市 永春县
85%
泉州市 德化县
85%
漳州市 诏安县
85%
南平市 政和县
85%
龙岩市 武平县
85%
宁德市 周宁县
85%
三明市 尤溪县
84%
三明市 建宁县
84%
南平市 浦城县
84%
南平市 松溪县
84%
福州市 永泰县
83%
漳州市 长泰区
83%
漳州市 南靖县
83%
南平市 光泽县
83%
宁德市 寿宁县
83%
三明市 清流县
81%
三明市 泰宁县
81%
宁德市 柘荣县
81%
漳州市 平和县
80%
三明市 宁化县
77%
漳州市 华安县
77%
龙岩市 连城县
77%
南平市 顺昌县
76%
宁德市 屏南县
73%
No matching quizzes found
Score Distribution
Percent of People with Each Score
Percentile by Number Answered
Your Score History
You have not taken this quiz